书目信息 |
| 题名: |
你的安全防护手册
|
|
| 作者: | 徐晓冬 , 极斗 主编 | |
| 分册: | ||
| 出版信息: | 北京 清华大学出版社 2017 |
|
| 页数: | 173页, [2] 页图版 | |
| 开本: | 21cm | |
| 丛书名: | 极斗--临兵斗者皆列阵在前 | |
| 单 册: | ||
| 中图分类: | X924.4 | |
| 科图分类: | ||
| 主题词: | 安全防护--an quan fang hu--普及读物 | |
| 电子资源: | ||
| ISBN: | 978-7-302-47535-4 | |
| 000 | 01464nam 2200301 450 | |
| 001 | 012017000171 | |
| 005 | 20180111085436.10 | |
| 010 | @a978-7-302-47535-4@b@dCNY59.90 (含附件) | |
| 100 | @a20170808d2017 em y0chiy0121 ea | |
| 101 | 0 | @achi |
| 102 | @aCN@b110000 | |
| 105 | @aaf a 000yy | |
| 106 | @ar | |
| 200 | 1 | @a你的安全防护手册@Ani de an quan fang hu shou ce@e就喜欢你看不惯我又打不过我的样子@f徐晓冬, 极斗主编@g |
| 210 | @a北京@c清华大学出版社@d2017 | |
| 215 | @a173页, [2] 页图版@c图 (部分彩图)@d21cm@e附VR眼镜1个 | |
| 225 | 2 | @a极斗--临兵斗者皆列阵在前@Aji dou --lin bing dou zhe jie lie zhen zai qian |
| 320 | @a有书目 (第172-173页) | |
| 330 | @a本书是一本将虚拟现实技术融入到自我防卫的教程书籍。本书以常见的具体场景为例, 精选出十二个生活中常用地点, 让读者了解如何处理在常见地点如何避免冲突和处理冲突。除了了对动作的详细说明之外, 最重要的是读者可以通过移动设备 (手机, IPad) 可以观赏专门为本书拍摄的VR视频, 通过VR技术可以让读者身临其境的学习具体的操作。我们力求通过VR技术和自我防卫教学的完美结合, 打造一本开创性的大众自我防卫书籍。 | |
| 410 | 0 | @12001 @a极斗--临兵斗者皆列阵在前 |
| 517 | 1 | @a就喜欢你看不惯我又打不过我的样子@Ajiu xi huan ni kan bu guan wo you da bu guo wo de yang zi |
| 606 | 0 | @a安全防护@Aan quan fang hu@j普及读物 |
| 690 | @aX924.4@v5 | |
| 701 | 0 | @a徐晓冬@Axu xiao dong@4主编 |
| 701 | 0 | @a极斗@Aji dou@4主编 |
| 801 | 0 | @aCN@b湖北三新@c20170808@g |
| 905 | @aBZT@dX924.4@e2 | |
| 906 | @dCNY59.90 (含附件@n5@r1 | |
| 你的安全防护手册:就喜欢你看不惯我又打不过我的样子/徐晓冬, 极斗主编.-北京:清华大学出版社,2017 |
| 173页, [2] 页图版:图 (部分彩图);21cm+附VR眼镜1个.-(极斗--临兵斗者皆列阵在前) |
| ISBN 978-7-302-47535-4:CNY59.90 (含附件) |
| 本书是一本将虚拟现实技术融入到自我防卫的教程书籍。本书以常见的具体场景为例, 精选出十二个生活中常用地点, 让读者了解如何处理在常见地点如何避免冲突和处理冲突。除了了对动作的详细说明之外, 最重要的是读者可以通过移动设备 (手机, IPad) 可以观赏专门为本书拍摄的VR视频, 通过VR技术可以让读者身临其境的学习具体的操作。我们力求通过VR技术和自我防卫教学的完美结合, 打造一本开创性的大众自我防卫书籍。 |
| ● |
| 相关链接 |
|
|
|
正题名:你的安全防护手册
索取号:X924.4/2
 
预约/预借
| 序号 | 登录号 | 条形码 | 馆藏地/架位号 | 状态 | 备注 |
| 1 | 840874 | 2000840874 | 第二书库/ [索取号:X924.4/2] | 在馆 | |
| 2 | 840875 | 2000840875 | 第二书库/ [索取号:X924.4/2] | 在馆 | |
| 3 | 840876 | 2000840876 | 第二书库/ [索取号:X924.4/2] | 在馆 |